00556nam a22001697a 450000500170000001000150001702000260003203500140005803700130007208200120008510000210009724500690011826000440018727000680023130000370029950000500033620171115122338.0 aENG-121400 a9789380336824c695.00 aEN-104932 bDBAD/PUB a305.563 aMavali Rajan,K.  aMedieval Tamil Socity and Agrarian Salaver/cby K. Mavali Rajan  aKolkata bMaha bodhi book agency c2017 a4A, Bankim Chatterjee treet , College Square bKolkata e700009 axiii ,235p. :c23cm , (Hb)bill. aIncludes bibliographical references and index